Tragedy of errors : (Record no. 331728)

000 -LEADER
fixed length control field 01196cam a2200325 a 4500
001 - CONTROL NUMBER
control field 3502939
003 - CONTROL NUMBER IDENTIFIER
control field NUST
005 - DATE AND TIME OF LATEST TRANSACTION
control field 20171019124416.0
008 - FIXED-LENGTH DATA ELEMENTS--GENERAL INFORMATION
fixed length control field 950112s1994 pk ab b 001 0 eng c
010 ## - LIBRARY OF CONGRESS CONTROL NUMBER
LC control number 94930556
020 ## - INTERNATIONAL STANDARD BOOK NUMBER
International Standard Book Number 9698031197 :
Terms of availability Rs395.00
025 ## - OVERSEAS ACQUISITION NUMBER
Overseas acquisition number P-E-030096
040 ## - CATALOGING SOURCE
Original cataloging agency DLC/CU
Transcribing agency CU
Modifying agency DLC
042 ## - AUTHENTICATION CODE
Authentication code lcnccp
043 ## - GEOGRAPHIC AREA CODE
Geographic area code a-ii---
-- a-pk---
-- a-bg---
050 00 - LIBRARY OF CONGRESS CALL NUMBER
Classification number DS388
Item number .M39 1994
082 00 - DEWEY DECIMAL CLASSIFICATION NUMBER
Classification number 954.92051
Author Mark MAT
100 1# - MAIN ENTRY--PERSONAL NAME
Personal name Matinuddin, Kamal.
9 (RLIN) 5530
245 10 - TITLE STATEMENT
Title Tragedy of errors :
Remainder of title East Pakistan crisis, 1968-1971 /
Statement of responsibility, etc. Kamal Matinuddin.
250 ## - EDITION STATEMENT
Edition statement 1st ed.
260 ## - PUBLICATION, DISTRIBUTION, ETC.
Place of publication, distribution, etc. Lahore, Pakistan :
Name of publisher, distributor, etc. Wajidalis,
Date of publication, distribution, etc. 1994.
300 ## - PHYSICAL DESCRIPTION
Extent 530 p. :
Other physical details ill., maps ;
Dimensions 23 cm.
504 ## - BIBLIOGRAPHY, ETC. NOTE
Bibliography, etc. note Includes bibliographical references (p. 513-519) and index.
650 #0 - SUBJECT ADDED ENTRY--TOPICAL TERM
Topical term or geographic name entry element India-Pakistan Conflict, 1971.
9 (RLIN) 5188
651 #0 - SUBJECT ADDED ENTRY--GEOGRAPHIC NAME
Geographic name Bangladesh
General subdivision History
Chronological subdivision Revolution, 1971.
9 (RLIN) 5531
906 ## - LOCAL DATA ELEMENT F, LDF (RLIN)
a 7
b cbc
c nccpada
d 3
e ncip
f 19
g y-gencatlg
942 ## - ADDED ENTRY ELEMENTS (KOHA)
Source of classification or shelving scheme
Koha item type Book
Holdings
Withdrawn status Lost status Source of classification or shelving scheme Damaged status Not for loan Collection code Permanent Location Current Location Shelving location Date acquired Total Checkouts Total Renewals Full call number Barcode Date last seen Date last checked out Copy number Price effective from Koha item type
            Central Library (CL) Central Library (CL) Book Cart 10/19/2017 3 1 954.92051 MAT CL2045 02/20/2023 11/07/2021 1 10/19/2017 Book
© 2023 Central Library, National University of Sciences and Technology. All Rights Reserved.